Mixed Ghouls & Goblins Pop Culture - Statistics

General Stats
  • This quiz has been taken 5 times
  • The average score is 9 of 15
Answer Stats
Hint Answer % Correct
Small destructive creatures multiply when exposed to water Gremlins
100%
Clown that terrorizes Derry every 27 years Pennywise
100%
Striped-suit ghost appears when his name is said 3 times Beetlejuice
80%
The gill-man is most often known as this which is also the title of it's 1954 horror film Creature from the Black Lagoon
80%
Dream invading killer wears striped sweater and blades on hands Freddy Krueger
80%
Rides around the town of Sleepy Hollow Headless Horseman
80%
Faceless internet-born figure that stalks victims in the forest Slender Man
80%
Wailing ghost in Irish folklore Banshee
60%
Desert creature from folklore that is said to attack livestock in Latin America Chupacabra
60%
Hunts the town of Hawkins using the Upside Down Demogorgon
60%
He tried to take over Christmas Jack Skellington
40%
Cursed videotape spirit that crawl out of a television in The Ring Samara
40%
Horned creature that appears in Pan's Labyrinth The Faun
40%
This witch falls in love with a mortal man in the TV series Bewitched Samantha
20%
This demonic nun appears in The Conjuring Universe Valek
0%
No matching quizzes found
Score Distribution
Percent of People with Each Score
Percentile by Number Answered
Your Score History
You have not taken this quiz